TO THE LIGHTHOUSE (Record no. 216409)
[ view plain ]
| 000 -LEADER | |
|---|---|
| fixed length control field | 00379nam a22001457a 4500 |
| 008 - FIXED-LENGTH DATA ELEMENTS--GENERAL INFORMATION | |
| fixed length control field | 260106b |||||||| |||| 00| 0 eng d |
| 020 ## - INTERNATIONAL STANDARD BOOK NUMBER | |
| International Standard Book Number | 978-0-09947-829-4 |
| 100 ## - MAIN ENTRY--PERSONAL NAME | |
| Personal name | WOOLF, VIRGINIA |
| 245 ## - TITLE STATEMENT | |
| Title | TO THE LIGHTHOUSE |
| 260 ## - PUBLICATION, DISTRIBUTION, ETC. | |
| Place of publication, distribution, etc. | LONDON |
| Name of publisher, distributor, etc. | VINTAGE BOOKS |
| Date of publication, distribution, etc. | 2004 |
| 300 ## - PHYSICAL DESCRIPTION | |
| Extent | XXII, 198P. |
| 650 ## - SUBJECT ADDED ENTRY | |
| Topical term or geographic name entry element | FAMILIES -ENGLAND - FICTION |
| 942 ## - ADDED ENTRY ELEMENTS (KOHA) | |
| Source of classification or shelving scheme | Library of Congress Classification |
| Koha item type | Long Loan Book |
| Withdrawn status | Lost status | Source of classification or shelving scheme | Damaged status | Not for loan | Collection | Home library | Current library | Shelving location | Date acquired | Inventory number | Total checkouts | Full call number | Barcode | Date last seen | Date last checked out | Copy number | Price effective from | Koha item type |
|---|---|---|---|---|---|---|---|---|---|---|---|---|---|---|---|---|---|---|
| Library of Congress Classification | Arts & Social Sciences | Kisii University Library | Kisii University Library | On Display | 01/06/2026 | 110636 | 1 | PR 6045 O72W66 2004 | 000000017822 | 03/30/2026 | 03/19/2026 | C.1 | 01/06/2026 | Long Loan Book | ||||
| Library of Congress Classification | Arts & Social Sciences | Kisii University Library | Kisii University Library | On Display | 01/06/2026 | 110637 | PR 6045 O72W66 2004 | 000000002889 | 01/06/2026 | C.2 | 01/06/2026 | Long Loan Book | ||||||
| Library of Congress Classification | Arts & Social Sciences | Kisii University Library | Kisii University Library | On Display | 01/06/2026 | 110638 | PR 6045 O72W66 2004 | 000000002888 | 01/06/2026 | C.3 | 01/06/2026 | Long Loan Book | ||||||
| Library of Congress Classification | Arts & Social Sciences | Kisii University Library | Kisii University Library | On Display | 01/06/2026 | 110639 | PR 6045 O72W66 2004 | 000000002887 | 01/06/2026 | C.4 | 01/06/2026 | Long Loan Book | ||||||
| Library of Congress Classification | Arts & Social Sciences | Kisii University Library | Kisii University Library | On Display | 01/06/2026 | 110640 | PR 6045 O72W66 2004 | 000000002886 | 01/06/2026 | C.5 | 01/06/2026 | Long Loan Book |